Famous Deaths in 2017 - Statistics

General Stats
  • This quiz has been taken 17 times
  • The average score is 2 of 15
Answer Stats
Month Nationality Age Name Occupation Cause of Death % Correct
November Australia / UK 64 Malcolm Young Rock Guitarist Dementia
44%
August USA 81 Glen Campbell Country Singer Alzheimers Disease
38%
February North Korea 45 Kim Jong-nam Exiled Heir Assassination by Nerve Agent
31%
January USA 80 Mary Tyler Moore Actress Cardio Pulmonary Arrest
25%
May UK 89 Roger Moore Actor Prostate Cancer
25%
September USA 78 Don Williams Country Singer Emphysema
19%
October USA 66 Tom Petty Singer Songwriter Accidental Drug Overdose
19%
December France 74 Johnny Hallyday Singer Songwriter Lung Cancer
13%
March USA 90 Chuck Berry Singer Songwriter Cardiac Arrest
6%
October USA 89 Fats Domino Singer Songwriter Natural Causes
6%
September USA 91 Hugh Hefner Publisher Sepsis
6%
March UK 83 John Surtees Grand Prix Racer Respiratory Failure
6%
January UK 75 Peter Sarstedt Singer Songwriter Progressive Supernuclear Palsy
6%
June USA 88 Adam West Actor Leukemia
0%
February USA 76 Al Jarreau Singer Respiratory Failure
0%
No matching quizzes found
Score Distribution
Percent of People with Each Score
Percentile by Number Answered
Your Score History
You have not taken this quiz